000 00743nam a2200241 a 4500
001 73475
003 BD-RjUL
005 20211209082412.0
008 170601s1956 nyua 001 0 eng d
035 _a(BD-RjUL)73693
040 _aDLC
_cODaU
_dBD-RjUL
_beng
041 _aeng
082 _a621.483
_223
_bTHT 1956
100 1 _aThompson, A. Stanley.
_9217387
245 1 0 _aThermal power from nuclear reactors /
_c[by] A. Stanley Thompson [and] Oliver E. Rodgers.
260 _aNew York :
_bWiley,
_c1956
300 _a229 p. :
_bill. ;
_c24 cm.
500 _aIncludes index
650 0 _aNuclear reactors.
_9217388
650 0 _aNuclear energy.
_9217389
700 1 _aRodgers, Oliver Eliot,
_c1915-
_ejoint author.
_9217390
942 _2ddc
_cBK
999 _c73475
_d73475